[Event "III C.to Italiano Universitario a squadre"]
[Site "Asiago ITA"]
[Date "1995.08.??"]
[Round "2"]
[White "Visintin, Roberto"]
[Black "Amato, Giampiero"]
[Result "1-0"]
[WhiteElo "1600"]
[BlackElo "1800"]
[PlyCount "97"]
[EventDate "1995.08.31"]

1. e4 c5 2. Nf3 d6 3. d4 cxd4 4. Nxd4 Nf6 5. Nc3 g6 6. g3 Bg7 7. Bg2 O-O 8. O-O
Bg4 9. Nde2 Nc6 10. h3 Bd7 11. Re1 Rb8 12. Nd5 Nxd5 13. exd5 Na5 14. a4 Re8 15.
Nf4 Rc8 16. Ra2 Qc7 17. b3 a6 18. c4 b5 19. axb5 axb5 20. Bd2 Nb7 21. Bf1 bxc4
22. bxc4 Nc5 23. Be3 Rb8 24. Bd4 Bxd4 25. Qxd4 Qc8 26. Rae2 Qd8 27. h4 Bf5 28.
h5 f6 29. h6 Rb3 30. Qxf6 exf6 31. Rxe8+ Qxe8 32. Rxe8+ Kf7 33. Ra8 Rb1 34.
Ra7+ Kg8 35. Rg7+ Kh8 36. Re7 Kg8 37. Ne6 Bd3 38. Rg7+ Kh8 39. Rf7 Rxf1+ 40.
Kg2 Nxe6 41. dxe6 Kg8 42. Rd7 Kf8 43. Rxh7 Re1 44. Rf7+ Kg8 45. h7+ Kh8 46. e7
Be4+ 47. f3 Re2+ 48. Kg1 Bc6 49. Kf1 1-0

[Event "III C.to Italiano Universitario a squadre"]
[Site "Asiago ITA"]
[Date "1995.08.??"]
[Round "3"]
[White "Amato, Giampiero"]
[Black "Brunato, Davide"]
[Result "0-1"]
[WhiteElo "1800"]
[BlackElo "1600"]
[PlyCount "69"]
[EventDate "1995.08.31"]

1. e4 e6 2. d4 d5 3. e5 c5 4. c3 Nc6 5. Nf3 Qb6 6. a3 Bd7 7. Be2 cxd4 8. cxd4
Nge7 9. b4 Nf5 10. Bb2 Be7 11. O-O Rc8 12. Qd2 a6 13. Rd1 Rc7 14. Nc3 Na7 15.
Rac1 O-O 16. Bd3 Nh4 17. Ng5 Ng6 18. Bb1 a5 19. bxa5 Qxa5 20. Nxd5 Qxd2 21.
Nxe7+ Nxe7 22. Rxd2 Rxc1+ 23. Bxc1 h6 24. Nf3 Bc6 25. Rb2 Rd8 26. Be3 Nb5 27.
Rb3 Ra8 28. Bc1 Nd5 29. Bd3 Nbc7 30. Bd2 Kf8 31. h3 Ke8 32. Bc4 Ke7 33. Ne1 f5
34. Nd3 b6 35. Bb4+ 0-1

[Event "III C.to Italiano Universitario a squadre"]
[Site "Asiago ITA"]
[Date "1995.08.??"]
[Round "3"]
[White "Bednarich, Jan"]
[Black "Bellomo, Francesco"]
[Result "1-0"]
[WhiteElo "1935"]
[BlackElo "2360"]
[PlyCount "47"]
[EventDate "1995.08.31"]

1. d4 Nf6 2. Nf3 d5 3. c4 e6 4. Nc3 Be7 5. Bg5 O-O 6. e3 Nbd7 7. Rc1 a6 8. cxd5
exd5 9. Bd3 c6 10. O-O Re8 11. a3 Nf8 12. Qc2 g6 13. b4 Ne6 14. Bh4 Ng7 15. Rb1
Bf5 16. a4 Rc8 17. a5 Bxd3 18. Qxd3 Nf5 19. Bg3 Bd6 20. Na4 Ne4 21. Ne5 Rc7 22.
Qc2 Rce7 23. Nd3 Qc8 24. Nf4 {...} 1-0

[Event "III C.to Italiano Universitario a squadre"]
[Site "Asiago ITA"]
[Date "1995.08.??"]
[Round "3"]
[White "Bianchi, Albino"]
[Black "Berra, Davide"]
[Result "1/2-1/2"]
[WhiteElo "2225"]
[BlackElo "1986"]
[PlyCount "99"]
[EventDate "1995.08.31"]

1. e4 e6 2. Qe2 c5 3. g3 Nc6 4. Bg2 g6 5. f4 Bg7 6. c3 Nge7 7. Nf3 d6 8. O-O
O-O 9. d3 Qc7 10. Be3 b6 11. d4 a5 12. Rd1 Ba6 13. Qf2 Rfd8 14. Na3 Rac8 15.
Rd2 Na7 16. Rad1 d5 17. e5 c4 18. Nc2 b5 19. a3 Nac6 20. g4 Rb8 21. Nh4 Bc8 22.
Bh3 f5 23. exf6 Bxf6 24. Rf1 Rf8 25. f5 g5 26. fxe6 Bxe6 27. Nf5 Ng6 28. Re2
Qd7 29. Qe1 Rbe8 30. Qd2 Bxf5 31. gxf5 Nh4 32. Ne1 Nd8 33. Ng2 Nxg2 34. Bxg2
Nf7 35. Qe1 h6 36. Qg3 Nd8 37. h4 Nf7 38. Qg4 Kh7 39. Rfe1 Rg8 40. hxg5 Nxg5
41. Bxg5 Rxg5 42. Qxg5 Bxg5 43. Rxe8 Qxf5 44. Rb8 Bf4 45. Rb6 Qg5 46. Rb7+ Kg6
47. Rbe7 Qg3 48. Kf1 Qd3+ 49. Kg1 Qg3 50. Kf1 1/2-1/2

[Event "III C.to Italiano Universitario a squadre"]
[Site "Asiago ITA"]
[Date "1995.08.??"]
[Round "3"]
[White "Chiaretti, Roberto"]
[Black "Foroni, Francesco"]
[Result "1/2-1/2"]
[WhiteElo "2076"]
[BlackElo "1730"]
[PlyCount "48"]
[EventDate "1995.08.31"]

1. e4 Nc6 2. Nf3 e6 3. d4 d5 4. e5 f6 5. Bb5 Bd7 6. O-O Nxe5 7. Nxe5 Bxb5 8.
Qh5+ Ke7 9. Re1 Qe8 10. Qxe8+ Rxe8 11. Nf3 Kd7 12. a4 Bc6 13. b3 Bd6 14. Bb2
Nh6 15. Nbd2 Nf7 16. c4 dxc4 17. bxc4 Bxf3 18. Nxf3 c6 19. Rad1 Kc8 20. Rd3 e5
21. Rde3 Kd7 22. Rb3 Kc8 23. Rbe3 Kd7 24. Rb3 Kc8 1/2-1/2

[Event "III C.to Italiano Universitario a squadre"]
[Site "Asiago ITA"]
[Date "1995.08.??"]
[Round "3"]
[White "Del Dotto, Riccardo"]
[Black "De Poi, Paolo"]
[Result "1/2-1/2"]
[WhiteElo "1989"]
[BlackElo "2089"]
[PlyCount "39"]
[EventDate "1995.08.31"]

1. e4 c5 2. Nc3 Nc6 3. g3 g6 4. Bg2 Bg7 5. d3 d6 6. Be3 e5 7. Qd2 Be6 8. f4
Nge7 9. Nf3 O-O 10. O-O f5 11. Rae1 Kh8 12. fxe5 Nxe5 13. Nxe5 Bxe5 14. d4 cxd4
15. Bxd4 Nc6 16. Bxe5+ dxe5 17. Qxd8 Raxd8 18. exf5 Bxf5 19. Bxc6 bxc6 20. Rxe5
1/2-1/2

[Event "III C.to Italiano Universitario a squadre"]
[Site "Asiago ITA"]
[Date "1995.08.??"]
[Round "3"]
[White "Fontana, Enrico"]
[Black "Rinaldi, Francesco Saverio"]
[Result "1-0"]
[WhiteElo "1806"]
[BlackElo "1863"]
[PlyCount "103"]
[EventDate "1995.08.31"]

1. e4 c5 2. Nf3 Nc6 3. d4 cxd4 4. Nxd4 g6 5. Nc3 Bg7 6. Be3 Nf6 7. f3 O-O 8.
Qd2 d5 9. Nxc6 bxc6 10. O-O-O Qa5 11. Kb1 Rb8 12. Nxd5 Rxb2+ 13. Kxb2 Nxd5+ 14.
Bd4 Nb4 15. a3 Bxd4+ 16. Qxd4 Na6 17. Bc4 Nc5 18. Bb3 Be6 19. Qb4 Nxb3 20. cxb3
Qc7 21. Rd3 Rb8 22. Qc5 Rb5 23. Qd4 Qb7 24. Qa4 c5 25. Rc3 c4 26. Rxc4 Bxc4 27.
Qxc4 Rg5 28. g4 Qb6 29. Rf1 Rc5 30. Qd3 Qf6+ 31. Ka2 Rc3 32. Qe2 Qc6 33. Rf2
Qc5 34. Qb2 a5 35. a4 f6 36. h4 Kg7 37. h5 Qe3 38. Rh2 Qxf3 39. Qd2 Qe3 40.
hxg6 Qxd2+ 41. Rxd2 hxg6 42. Rd5 Rg3 43. Rxa5 Rxg4 44. Rc5 Rxe4 45. a5 Re6 46.
b4 Ra6 47. Kb3 g5 48. Ka4 g4 49. b5 Ra8 50. b6 Kg6 51. b7 Rb8 52. a6 1-0

[Event "III C.to Italiano Universitario a squadre"]
[Site "Asiago ITA"]
[Date "1995.08.??"]
[Round "3"]
[White "Ghisotti, Paolo"]
[Black "Carotenuto, Ennio"]
[Result "0-1"]
[WhiteElo "1600"]
[BlackElo "1913"]
[PlyCount "74"]
[EventDate "1995.08.31"]

1. e4 c5 2. Nf3 e6 3. Nc3 a6 4. d4 cxd4 5. Nxd4 Nc6 6. Nxc6 bxc6 7. Bd3 d5 8.
a3 Bd6 9. Qg4 Kf8 10. f4 Bc5 11. Bd2 Rb8 12. Na4 Nf6 13. Qg3 Be7 14. e5 Ne4 15.
Qe3 Nxd2 16. Qxd2 c5 17. O-O Qc7 18. Rae1 c4 19. Be2 g6 20. Bg4 h5 21. Bf3 Bd7
22. Nc3 Qc5+ 23. Kh1 Rxb2 24. Rb1 Rxb1 25. Rxb1 Kg7 26. a4 Bc6 27. h3 Qa5 28.
Ne4 Qxd2 29. Nxd2 Bxa4 30. Rb7 Bc5 31. c3 Be3 32. Nf1 Bxf4 33. g4 Bxe5 34. Ra7
Bb5 35. Ne3 Bxc3 36. Rc7 Be5 37. Ra7 Bd4 0-1

[Event "III C.to Italiano Universitario a squadre"]
[Site "Asiago ITA"]
[Date "1995.08.??"]
[Round "3"]
[White "Malnich, Riccardo"]
[Black "Stradiotti, Alessandro"]
[Result "1/2-1/2"]
[WhiteElo "1618"]
[BlackElo "1774"]
[PlyCount "107"]
[EventDate "1995.08.31"]

1. e4 g6 2. d4 Bg7 3. Nc3 c6 4. Be2 d6 5. Nf3 Nf6 6. O-O O-O 7. Be3 Re8 8. h3
Nbd7 9. Qd2 b5 10. a3 e5 11. dxe5 dxe5 12. Rfd1 Qe7 13. Qd6 Bb7 14. Bg5 Qxd6
15. Rxd6 Bf8 16. Rdd1 Kg7 17. Nh2 h6 18. Be3 Bc5 19. Bxc5 Nxc5 20. f3 Rad8 21.
Ng4 Nxg4 22. hxg4 Ne6 23. Rxd8 Rxd8 24. Rd1 Rxd1+ 25. Bxd1 Nd4 26. Ne2 c5 27.
c3 Nxe2+ 28. Bxe2 Bc6 29. Kf2 Kf6 30. Ke3 Ke6 31. g3 a5 32. b4 axb4 33. axb4 c4
34. Kf2 Kd6 35. Ke3 Ke6 36. Bf1 f6 37. Be2 Kd6 38. Kd2 Ke6 39. Ke3 Kd6 40. Bd1
Bd7 41. Bc2 g5 42. Bd1 Be8 43. Be2 Ke6 44. Kf2 Kd6 45. Bf1 Ke6 46. Ke3 Bc6 47.
Bh3 Kd6 48. Bg2 Be8 49. Bh3 Bc6 50. f4 Ke7 51. Bf1 Bd7 52. Be2 Kd6 53. Bf3 Ke7
54. f5 1/2-1/2

[Event "III C.to Italiano Universitario a squadre"]
[Site "Asiago ITA"]
[Date "1995.08.??"]
[Round "3"]
[White "Mascellani, Marco"]
[Black "Luciani, Valerio"]
[Result "1-0"]
[WhiteElo "1881"]
[BlackElo "2175"]
[PlyCount "75"]
[EventDate "1995.08.31"]

1. e4 e6 2. d4 d5 3. Nc3 Bb4 4. e5 c5 5. a3 Bxc3+ 6. bxc3 Ne7 7. Nf3 Bd7 8. a4
Qa5 9. Bd2 Nbc6 10. g3 c4 11. Bh3 O-O-O 12. O-O Kb8 13. Qc1 Bc8 14. Qa3 Rde8
15. Rfb1 Ka8 16. Rb5 Qc7 17. a5 Nb8 18. Nh4 Ng6 19. Ng2 Na6 20. Rab1 Ne7 21. f4
Nc6 22. f5 Nd8 23. Bg5 Nb8 24. Bxd8 Qxd8 25. fxe6 fxe6 26. Nf4 g5 27. Qb2 Re7
28. Nh5 Rf8 29. Nf6 Qc7 30. Bg4 Na6 31. Qa3 Qd8 32. Nxd5 Ref7 33. Nf6 Rxf6 34.
exf6 Qxf6 35. Bh3 Qf2+ 36. Kh1 Bd7 37. Rf1 Bc6+ 38. d5 1-0

[Event "III C.to Italiano Universitario a squadre"]
[Site "Asiago ITA"]
[Date "1995.08.??"]
[Round "3"]
[White "Mimmo, Giuseppe"]
[Black "Zorat, Paolo"]
[Result "1/2-1/2"]
[WhiteElo "1710"]
[BlackElo "1900"]
[PlyCount "70"]
[EventDate "1995.08.31"]

1. d4 f5 2. Nf3 Nf6 3. Bg5 Ne4 4. h4 c5 5. Nbd2 Qa5 6. c3 d5 7. Nb3 Qc7 8. dxc5
e6 9. e3 Nxc5 10. Bf4 Qb6 11. Ne5 g6 12. h5 g5 13. Bxg5 Bg7 14. Bf4 Nc6 15.
Nxc6 bxc6 16. h6 Bf6 17. Qh5+ Ke7 18. Bg5 Rf8 19. Bxf6+ Rxf6 20. Nxc5 Qxc5 21.
Bd3 Rb8 22. O-O Rxb2 23. Rab1 Rb6 24. Qg5 Bd7 25. e4 dxe4 26. Bxe4 Qc4 27. Rxb6
axb6 28. Rd1 Qxe4 29. Qg7+ Rf7 30. Rxd7+ Kxd7 31. Qxf7+ Kd6 32. Qxh7 Qe1+ 33.
Kh2 Qxf2 34. Kh3 Qe3+ 35. g3 Qf3 1/2-1/2

[Event "III C.to Italiano Universitario a squadre"]
[Site "Asiago ITA"]
[Date "1995.08.??"]
[Round "3"]
[White "Negro, Roberto"]
[Black "Falcomata', Gesualdo"]
[Result "0-1"]
[WhiteElo "2164"]
[BlackElo "1810"]
[PlyCount "138"]
[EventDate "1995.08.31"]

1. d4 Nf6 2. c4 e6 3. Nc3 Bb4 4. a3 Bxc3+ 5. bxc3 O-O 6. f3 d6 7. e4 e5 8. Bg5
h6 9. Be3 c5 10. d5 Nh5 11. g4 Nf4 12. h4 f6 13. Qd2 Qe7 14. Ne2 g5 15. Ng3 Ng6
16. hxg5 hxg5 17. Bd3 Na6 18. Kf2 Bd7 19. Rag1 Nc7 20. Nf5 Bxf5 21. gxf5 Nf4
22. Bxf4 exf4 23. Qxf4 Kg7 24. Rg2 Rh8 25. Rhg1 Kf7 26. Qd2 Rag8 27. f4 gxf4
28. Rxg8 Rxg8 29. Rxg8 Kxg8 30. Qxf4 Ne8 31. Ke3 Qg7 32. Kf2 Qg5 33. Qg3 Qxg3+
34. Kxg3 Kg7 35. Kf4 Kh6 36. Be2 Nc7 37. Kg3 Na8 38. Bd1 Nb6 39. Bb3 Nd7 40.
Kf4 Ne5 41. Ba2 Kh5 42. Bb3 Kh4 43. Ba2 Kh3 44. Ke3 Kg3 45. Bb3 Ng4+ 46. Ke2
Kf4 47. Bc2 Ne5 48. Bd3 Nf7 49. Kf2 Ng5 50. e5 Kxe5 51. Ke3 Nf7 52. Kf3 Nh6 53.
Bf1 Nxf5 54. Bh3 Nh4+ 55. Kg3 Ng6 56. Kf3 Nf4 57. Bc8 b6 58. Ke3 f5 59. Bd7 Nh3
60. Be8 Ng5 61. Bg6 Ne4 62. Kd3 Kf4 63. Bh5 Nf6 64. Bg6 Ng4 65. Bh7 Ne5+ 66.
Kc2 Nxc4 67. Kb3 Ne3 68. Bg8 Ke5 69. c4 Kd4 0-1

[Event "III C.to Italiano Universitario a squadre"]
[Site "Asiago ITA"]
[Date "1995.08.??"]
[Round "3"]
[White "Visintin, Roberto"]
[Black "Capitelli, Paolo"]
[Result "1-0"]
[WhiteElo "1600"]
[BlackElo "1890"]
[PlyCount "110"]
[EventDate "1995.08.31"]

1. e4 c5 2. Nf3 e6 3. d4 cxd4 4. Nxd4 Nf6 5. Nc3 Nc6 6. Ndb5 Bb4 7. a3 Bxc3+ 8.
Nxc3 d5 9. exd5 exd5 10. Bd3 O-O 11. O-O d4 12. Ne2 h6 13. b4 a6 14. Bb2 Bg4
15. f3 Be6 16. Kh1 Kh8 17. Qd2 Qd6 18. Qf4 Rad8 19. Qh4 b5 20. Rfd1 Qe5 21. f4
Qd6 22. c3 dxc3 23. Bxc3 Qe7 24. h3 Ng8 25. Qg3 Nf6 26. Be4 Bd7 27. Bf3 Ne8 28.
Rd2 f5 29. Rad1 Nf6 30. Qh4 Be8 31. Rxd8 Nxd8 32. Be5 Rf7 33. Rd6 Ne6 34. Rxa6
Qd7 35. Rd6 Qc8 36. Bd5 Bd7 37. Bb3 Ne4 38. Bxe6 Nxd6 39. Qxh6+ Kg8 40. Bxf7+
Kxf7 41. Qxd6 Be6 42. Qc7+ Qxc7 43. Bxc7 Bc4 44. Nd4 g6 45. Kg1 Ke7 46. Kf2 Kd7
47. Be5 Ke7 48. Ke3 Bf1 49. g4 fxg4 50. hxg4 Bc4 51. f5 gxf5 52. gxf5 Kf7 53.
Nf3 Ke7 54. Ng5 Kf8 55. f6 55... Kg8 {...} 1-0

[Event "III C.to Italiano Universitario a squadre"]
[Site "Asiago ITA"]
[Date "1995.08.??"]
[Round "3"]
[White "Vita, Fabrizio"]
[Black "Redo, Nicola"]
[Result "0-1"]
[WhiteElo "1803"]
[BlackElo "2190"]
[PlyCount "68"]
[EventDate "1995.08.31"]

1. c4 Nf6 2. Nc3 g6 3. e4 d6 4. d4 Bg7 5. f4 O-O 6. Nf3 Bg4 7. Be2 c5 8. d5 e6
9. O-O exd5 10. e5 dxe5 11. fxe5 Nfd7 12. Bg5 Qc8 13. cxd5 Bxf3 14. Bxf3 Nxe5
15. Qc2 c4 16. Rad1 Nbd7 17. Ne4 f5 18. Nc3 Qc5+ 19. Kh1 Bf6 20. Bh6 Rf7 21. d6
Nxf3 22. Rxf3 Re8 23. Rf2 Qxd6 24. Re2 Qb8 25. Nb5 Rxe2 26. Qxe2 Nb6 27. Nd6
Re7 28. Qf2 Qc7 29. Bf4 Qc6 30. h4 Nd5 31. Bg3 Ne3 32. Rd2 a6 33. h5 Bg5 34.
Bf4 Ng4 0-1

[Event "III C.to Italiano Universitario a squadre"]
[Site "Asiago ITA"]
[Date "1995.08.??"]
[Round "4"]
[White "Arito, Luigi"]
[Black "Rinaldi, Francesco Saverio"]
[Result "1-0"]
[WhiteElo "1642"]
[BlackElo "1863"]
[PlyCount "91"]
[EventDate "1995.08.31"]

1. d4 Nf6 2. c4 g6 3. Nc3 Bg7 4. e4 d6 5. Nf3 O-O 6. Be2 e5 7. dxe5 dxe5 8.
Qxd8 Rxd8 9. Bg5 c6 10. Nxe5 Re8 11. Bxf6 Bxf6 12. f4 Na6 13. O-O Bxe5 14. fxe5
Rxe5 15. Rad1 Re8 16. Bf3 Be6 17. b3 Rad8 18. Rxd8 Rxd8 19. Rd1 Rxd1+ 20. Bxd1
Kg7 21. Kf2 Kf6 22. Ke3 Ke5 23. Ne2 Bg4 24. Nc3 Bxd1 25. Nxd1 Nb4 26. Nc3 Nc2+
27. Kd2 Nd4 28. Ke3 Ne6 29. Ne2 Nc5 30. Nd4 f6 31. Nf3+ Kd6 32. b4 Nd7 33. c5+
Ke6 34. Kd4 g5 35. g4 Nf8 36. Nd2 Ke7 37. Nc4 Ne6+ 38. Ke3 Nd8 39. Nd6 Ke6 40.
Kd4 b6 41. Nc8 bxc5+ 42. bxc5 a6 43. Nd6 Nf7 44. Nxf7 Kxf7 45. Kc4 a5 46. Kb3
1-0

[Event "III C.to Italiano Universitario a squadre"]
[Site "Asiago ITA"]
[Date "1995.08.??"]
[Round "4"]
[White "Bellomo, Francesco"]
[Black "Negro, Roberto"]
[Result "1-0"]
[WhiteElo "2360"]
[BlackElo "2164"]
[PlyCount "66"]
[EventDate "1995.08.31"]

1. Nf3 d6 2. g3 Bg4 3. Bg2 Nc6 4. c4 Nf6 5. Nc3 g6 6. b4 Qc8 7. b5 Nd8 8. Bb2
Bg7 9. Nd5 c6 10. Nxf6+ exf6 11. h3 Bf5 12. Nd4 Bd7 13. Rc1 O-O 14. bxc6 bxc6
15. Ba3 f5 16. Nb3 c5 17. d4 Bc6 18. d5 Bd7 19. Rc2 Qa6 20. Bc1 Rb8 21. O-O Rb4
22. Qd3 Nb7 23. Bf4 Ra4 24. Rb1 Rxa2 25. Rxa2 Qxa2 26. Nc1 Qa6 27. Qb3 Bc8 28.
Qb5 Qxb5 29. Rxb5 Re8 30. Rb3 Bf6 31. e3 g5 32. Rxb7 Bxb7 33. Bxd6 Be7 1-0

[Event "III C.to Italiano Universitario a squadre"]
[Site "Asiago ITA"]
[Date "1995.08.??"]
[Round "4"]
[White "Berra, Davide"]
[Black "Malnich, Riccardo"]
[Result "1-0"]
[WhiteElo "1986"]
[BlackElo "1618"]
[PlyCount "21"]
[EventDate "1995.08.31"]

1. d4 d5 2. Nf3 Nf6 3. Bg5 e6 4. Nbd2 Be7 5. e3 Nbd7 6. Bd3 c5 7. c3 b6 8. Qa4
O-O 9. Ne5 Nxe5 10. dxe5 Nd7 11. Qh4 1-0

[Event "III C.to Italiano Universitario a squadre"]
[Site "Asiago ITA"]
[Date "1995.08.??"]
[Round "4"]
[White "Boscolo, Marco"]
[Black "Mimmo, Giuseppe"]
[Result "1-0"]
[WhiteElo "1646"]
[BlackElo "1710"]
[PlyCount "72"]
[EventDate "1995.08.31"]

1. f4 e5 2. fxe5 d6 3. exd6 Bxd6 4. Nf3 g5 5. g3 g4 6. Nh4 Nc6 7. c3 Be6 8. Bg2
Nge7 9. d4 Ng6 10. Nxg6 hxg6 11. Qd3 Rh5 12. e4 Qf6 13. Rf1 Qh8 14. Bf4 Bxf4
15. gxf4 Rxh2 16. Qg3 Bc4 17. Rg1 O-O-O 18. Nd2 Nxd4 19. cxd4 Qxd4 20. O-O-O
Bxa2 21. Qc3 Qa4 22. b3 Qa3+ 23. Kc2 Bxb3+ 24. Qxb3 Rxd2+ 25. Rxd2 Qc5+ 26. Kb2
Qxg1 27. Qxf7 Qb6+ 28. Qb3 Qxb3+ 29. Kxb3 Rh8 30. e5 Re8 31. Kc4 g5 32. fxg5
Rxe5 33. Rd5 Rxd5 34. Kxd5 Kd7 35. Ke5 Ke7 36. Kf5 Kf7 1-0

[Event "III C.to Italiano Universitario a squadre"]
[Site "Asiago ITA"]
[Date "1995.08.??"]
[Round "4"]
[White "Boscolo, Max"]
[Black "Campanile, Roberto"]
[Result "1/2-1/2"]
[WhiteElo "1876"]
[BlackElo "1944"]
[PlyCount "81"]
[EventDate "1995.08.31"]

1. Nf3 Nf6 2. g3 g6 3. Bg2 Bg7 4. O-O O-O 5. d3 d5 6. Nbd2 Nbd7 7. e4 dxe4 8.
dxe4 e5 9. b3 b6 10. Ba3 Re8 11. Qe2 Bb7 12. Rad1 Bf8 13. Bxf8 Rxf8 14. Ne1 Qe7
15. Nd3 Ba6 16. Nf3 Nc5 17. Nfe1 Rad8 18. f3 Nfd7 19. Qe3 Nxd3 20. Nxd3 Nc5 21.
c4 Nxd3 22. Rxd3 Rxd3 23. Qxd3 Rd8 24. Qe2 Qc5+ 25. Qf2 Qxf2+ 26. Rxf2 Rd1+ 27.
Bf1 Bc8 28. Kg2 Kg7 29. Be2 Rd2 30. a4 a5 31. Kf1 Rb2 32. Bd1 Rxf2+ 33. Kxf2 f6
34. Ke3 Kf8 35. Kd3 Ke7 36. Kc3 Kd6 37. Be2 Bh3 38. f4 Bg2 39. Bd3 h6 40. h4
Bf3 41. Bc2 1/2-1/2

[Event "III C.to Italiano Universitario a squadre"]
[Site "Asiago ITA"]
[Date "1995.08.??"]
[Round "4"]
[White "Capitelli, Paolo"]
[Black "Boscolo, Fabio"]
[Result "0-1"]
[WhiteElo "1890"]
[BlackElo "1714"]
[PlyCount "90"]
[EventDate "1995.08.31"]

1. e4 e5 2. Nf3 Nc6 3. Bc4 Bc5 4. d3 h6 5. Nc3 Nf6 6. Be3 Bb6 7. h3 d6 8. d4
exd4 9. Nxd4 Nxd4 10. Bxd4 Qe7 11. O-O O-O 12. Re1 Be6 13. Nd5 Bxd5 14. exd5
Qd8 15. Qd2 Bxd4 16. Qxd4 Re8 17. Bb5 Rxe1+ 18. Rxe1 a6 19. Ba4 b5 20. Bb3 Qd7
21. Kf1 Kf8 22. Re3 a5 23. a4 Re8 24. Rxe8+ Qxe8 25. axb5 Qxb5+ 26. Qc4 Qb7 27.
Qd4 Qa8 28. Ke2 Qb7 29. Kd2 Qb5 30. Qc4 Qb6 31. Ke2 Nd7 32. Qc6 Ke7 33. Ba4 Nf6
34. Kd3 Qb8 35. Bb5 Qa7 36. Kc4 Qb8 37. f3 Kd8 38. g4 g5 39. Kb3 Qa7 40. Qc3
Ke7 41. Qc6 Qe3+ 42. Ka4 Qa7 43. c4 Kd8 44. Qa6 Qg1 45. Qa8+ 45... Ke7 {...}
0-1

[Event "III C.to Italiano Universitario a squadre"]
[Site "Asiago ITA"]
[Date "1995.08.??"]
[Round "4"]
[White "Cesaro, Giuliano"]
[Black "Messina, Enrico"]
[Result "0-1"]
[WhiteElo "1884"]
[BlackElo "2018"]
[PlyCount "68"]
[EventDate "1995.08.31"]

1. d4 Nf6 2. Nf3 g6 3. g3 Bg7 4. Bg2 O-O 5. c4 d6 6. Nc3 Nbd7 7. O-O e5 8. e4
c6 9. Qc2 exd4 10. Nxd4 Ng4 11. Nce2 Re8 12. h3 Ngf6 13. Be3 Nc5 14. Nc3 Qe7
15. Bg5 h6 16. Bxf6 Bxf6 17. Rad1 Ne6 18. Nf3 h5 19. h4 Nf8 20. Qd3 Rd8 21.
Rde1 Bg4 22. Nh2 Be6 23. f4 Nd7 24. Nf3 Nc5 25. Qe2 Bg4 26. e5 dxe5 27. fxe5
Bg7 28. Ne4 Nd3 29. Nf6+ Bxf6 30. exf6 Qxf6 31. Rd1 Qxb2 32. Rd2 Qb6+ 33. Kh2
Nc5 34. Qe7 Re8 0-1

[Event "III C.to Italiano Universitario a squadre"]
[Site "Asiago ITA"]
[Date "1995.08.??"]
[Round "4"]
[White "Chiaretti, Roberto"]
[Black "Visintin, Roberto"]
[Result "1/2-1/2"]
[WhiteElo "2076"]
[BlackElo "1600"]
[PlyCount "101"]
[EventDate "1995.08.31"]

1. e4 Nf6 2. e5 Nd5 3. d4 d6 4. Nf3 dxe5 5. Nxe5 g6 6. Bc4 c6 7. O-O Bg7 8. c3
O-O 9. Re1 Be6 10. Nd2 Nd7 11. Nef3 Bg4 12. h3 Bxf3 13. Nxf3 e6 14. Bg5 Qc7 15.
Qd2 N7f6 16. Bh6 c5 17. Bb3 cxd4 18. Bxg7 Kxg7 19. Qxd4 Rfd8 20. Rad1 Qf4 21.
c4 Qxd4 22. Rxd4 Nb4 23. Red1 Rxd4 24. Nxd4 Na6 25. Bc2 Nc5 26. b4 Ncd7 27. Nb3
Rc8 28. c5 b6 29. Rc1 bxc5 30. bxc5 Ne5 31. Bd1 Nd3 32. Rc2 Nb4 33. Rc4 Nxa2
34. Bf3 Nd5 35. Ra4 Nab4 36. Rxa7 Rc7 37. Ra1 Kf6 38. Kf1 Ke7 39. Ke2 e5 40. g3
f5 41. Bxd5 Nxd5 42. Kd3 Nf6 43. Kc4 Ne4 44. Ra2 h5 45. h4 Kd7 46. Rc2 Ke6 47.
Ra2 Kd7 48. Re2 Ke6 49. Ra2 Kd7 50. Ra6 Nxf2 51. Rxg6 1/2-1/2

[Event "III C.to Italiano Universitario a squadre"]
[Site "Asiago ITA"]
[Date "1995.08.??"]
[Round "4"]
[White "De Poi, Paolo"]
[Black "Mascellani, Marco"]
[Result "1-0"]
[WhiteElo "2089"]
[BlackElo "1881"]
[PlyCount "151"]
[EventDate "1995.08.31"]

1. e4 c5 2. Nf3 e6 3. b3 Nc6 4. Bb2 d6 5. Bb5 Bd7 6. O-O Nf6 7. Re1 Ne5 8.
Bxd7+ Nfxd7 9. Nxe5 dxe5 10. Na3 Be7 11. Nc4 Qc7 12. Qh5 b5 13. Nxe5 g6 14. Qe2
Nxe5 15. f4 Bf6 16. fxe5 Bxe5 17. Qxb5+ Kf8 18. Bxe5 Qxe5 19. Rad1 Qc7 20. Qc4
Rc8 21. Qc3 e5 22. Rf1 Kg7 23. Rf2 Qd6 24. Rdf1 Rhf8 25. Qc4 Rc7 26. c3 Kg8 27.
d3 Rd7 28. Rf3 Re7 29. Rf6 Qc7 30. R1f3 Rb8 31. Kf1 Rb6 32. Ke2 Kg7 33. Rxb6
Qxb6 34. Qa4 Qc7 35. Qb5 Re6 36. Kd2 Qe7 37. Kc2 h5 38. a4 Qc7 39. Qc4 Qe7 40.
Qd5 Qc7 41. g3 Qe7 42. Rf2 Qc7 43. Kb2 Qe7 44. h3 Rb6 45. Ka2 Rb7 46. g4 Rd7
47. Qc4 hxg4 48. hxg4 Rc7 49. Qa6 Rd7 50. Rb2 Rd6 51. Qc4 Rd8 52. g5 Rd7 53.
Rg2 Rd8 54. Rg3 Rd7 55. Rf3 Qxg5 56. Qxc5 Qg2+ 57. Rf2 Qg3 58. Rd2 Qg5 59. Qf2
Qf6 60. b4 Qxf2 61. Rxf2 Rxd3 62. Kb3 Re3 63. b5 Rxe4 64. a5 Rh4 65. c4 e4 66.
b6 e3 67. Re2 axb6 68. axb6 Re4 69. c5 f5 70. b7 Re8 71. Kc4 f4 72. c6 Re4+ 73.
Kd5 f3 74. Rxe3 Rxe3 75. b8=Q g5 76. Qa7+ 1-0

[Event "III C.to Italiano Universitario a squadre"]
[Site "Asiago ITA"]
[Date "1995.08.??"]
[Round "4"]
[White "Del Dotto, Riccardo"]
[Black "Marrara, Francesco"]
[Result "1-0"]
[WhiteElo "1989"]
[BlackElo "1772"]
[PlyCount "95"]
[EventDate "1995.08.31"]

1. e4 e6 2. d3 d5 3. Nd2 c5 4. Ngf3 Nf6 5. g3 b6 6. Bg2 Bb7 7. e5 Nfd7 8. O-O
Be7 9. Re1 O-O 10. Nf1 Nc6 11. h4 Re8 12. Bf4 Nf8 13. h5 f6 14. N1h2 g5 15.
hxg6 Nxg6 16. Bh3 Nxf4 17. gxf4 f5 18. Kf1 Kh8 19. Ke2 Ba6 20. Kd2 d4 21. Rg1
c4 22. dxc4 Bxc4 23. Ng5 Bb4+ 24. Kc1 Qd7 25. Qh5 Rf8 26. Nhf3 Bd5 27. Bg2 Rac8
28. Rh1 Rc7 29. Nxh7 Qxh7 30. Qg6 Qxh1+ 31. Bxh1 Rg7 32. Qh6+ Kg8 33. Ng5 Bxh1
34. Qxh1 Nd8 35. Kd1 Be7 36. Ke2 Bxg5 37. fxg5 Rxg5 38. Qh6 Rg7 39. Rd1 Re8 40.
Rxd4 Nf7 41. Qf6 Ng5 42. Rd8 Rxd8 43. Qxd8+ Kh7 44. f3 Rg8 45. Qd7+ Rg7 46. Qe8
Rg6 47. c4 Kh6 48. b4 1-0

[Event "III C.to Italiano Universitario a squadre"]
[Site "Asiago ITA"]
[Date "1995.08.??"]
[Round "4"]
[White "Esposito, Luca"]
[Black "Bianchi, Albino"]
[Result "1-0"]
[WhiteElo "2025"]
[BlackElo "2225"]
[PlyCount "43"]
[EventDate "1995.08.31"]

1. d4 d5 2. Nf3 Nf6 3. Bg5 e6 4. Nbd2 c5 5. e3 Be7 6. c3 Nc6 7. Bd3 b6 8. O-O
Bb7 9. Rc1 Qc7 10. Re1 h6 11. Bh4 O-O 12. Bb1 e5 13. c4 exd4 14. exd4 Nxd4 15.
Nxd4 cxd4 16. cxd5 Qd7 17. Ne4 Nxd5 18. Bxe7 Nxe7 19. Nf6+ gxf6 20. Rxe7 Qxe7
21. Qg4+ Kh8 22. Qf5 1-0

[Event "III C.to Italiano Universitario a squadre"]
[Site "Asiago ITA"]
[Date "1995.08.??"]
[Round "4"]
[White "Luciani, Valerio"]
[Black "Vita, Fabrizio"]
[Result "1-0"]
[WhiteElo "2175"]
[BlackElo "1803"]
[PlyCount "71"]
[EventDate "1995.08.31"]

1. d4 Nf6 2. c4 g6 3. Nc3 d5 4. Nf3 Bg7 5. Qb3 dxc4 6. Qxc4 Be6 7. Qd3 O-O 8.
e4 c6 9. Be2 Nbd7 10. Ng5 Qc7 11. Nxe6 fxe6 12. Qc4 Rad8 13. Qxe6+ Kh8 14. Be3
Rfe8 15. f4 b5 16. b4 Qb6 17. e5 Nf8 18. Qh3 Nd5 19. Nxd5 cxd5 20. O-O e6 21.
Rfc1 a6 22. Bd3 Kg8 23. g4 Rc8 24. f5 gxf5 25. gxf5 exf5 26. Bxf5 Rc4 27. Kh1
Rxb4 28. Rg1 Re7 29. Bg5 Rc7 30. Bf6 Qxd4 31. Bxh7+ Nxh7 32. Qe6+ Kf8 33. Bxg7+
Rxg7 34. Raf1+ Qf4 35. Rxf4+ Rxf4 36. Qc8+ 1-0